[Event "Hessen-ch Seniors op 11th"]
[Site "Bad Sooden-Allendorf"]
[Date "2015.05.09"]
[Round "1"]
[White "Wiebke, Elfriede"]
[Black "Assmann, Siegfried"]
[Result "0-1"]
[WhiteElo "1339"]
[BlackElo "1991"]
[PlyCount "77"]
[EventDate "2015.05.09"]
[EventType "swiss"]
[EventRounds "9"]
[EventCountry "GER"]
[SourceTitle "EXT 2018"]
[Source "ChessBase"]
[SourceDate "2017.10.13"]
[SourceVersion "1"]
[SourceVersionDate "2017.10.13"]
[SourceQuality "1"]

1. e4 e6 2. d4 c5 3. Be3 Qb6 4. b3 Nc6 5. Nf3 cxd4 6. Nxd4 Bc5 7. Nxc6 Bxe3 8. fxe3 Qxe3+ 9. Qe2 Qc1+ 10. Qd1 Qxd1+ 11. Kxd1 bxc6 12. Nc3 Nf6 13. e5 Ng4 14. Ne4 0-0 15. Bd3 Nxe5 16. Ng5 Nxd3 17. cxd3 h6 18. Ne4 Ba6 19. Nc5 Bc8 20. Kd2 d6 21. Ne4 Rd8 22. Rac1 Bb7 23. g4 c5 24. Rhe1 Bxe4 25. Rxe4 d5 26. Rf4 e5 27. Rf5 f6 28. Rxc5 Rac8 29. Rb5 Rd7 30. a4 d4 31. h4 Rdc7 32. Rf1 Rc2+ 33. Kd1 Rc1+ 34. Ke2 R8c2+ 35. Kf3 Rxf1+ 36. Ke4 Rc7 37. g5 Rd7 38. Rb8+ Kf7 39. gxh6 0-1

[Event "Hessen-ch Seniors op 10th"]
[Site "Bad Sooden-Allendorf"]
[Date "2014.05.03"]
[Round "8"]
[White "Luebbecke, Gerd"]
[Black "Assmann, Siegfried"]
[Result "0-1"]
[WhiteElo "1729"]
[BlackElo "1999"]
[PlyCount "92"]
[EventDate "2014.04.26"]
[EventType "swiss"]
[EventRounds "9"]
[EventCountry "GER"]
[SourceTitle "EXT 2018"]
[Source "ChessBase"]
[SourceDate "2017.10.13"]
[SourceVersion "1"]
[SourceVersionDate "2017.10.13"]
[SourceQuality "1"]

1. e4 e6 2. d4 d5 3. e5 Ne7 4. Nf3 Nf5 5. c3 Be7 6. Bd3 0-0 7. 0-0 c5 8. b3 Nc6 9. Bb2 cxd4 10. cxd4 Qb6 11. g3 g6 12. Bc2 Bd7 13. Qd2 Rac8 14. Rd1 Ng7 15. Ba3 Bb4 16. Qh6 Ne7 17. Bxb4 Qxb4 18. Qd2 Qxd2 19. Rxd2 Rc7 20. Na3 Rfc8 21. Rad1 b5 22. Bd3 a6 23. Rc2 Nc6 24. Kg2 Nb4 25. Rxc7 Rxc7 26. Bb1 Rc3 27. Rd2 Rc1 28. Nc2 Nc6 29. Na3 b4 30. Rc2 Rd1 31. Rd2 Rxd2 32. Nxd2 bxa3 33. Kf3 Nxd4+ 34. Ke3 Nc6 35. g4 Nxe5 36. h3 Nc6 37. Bd3 Nb4 38. Be2 e5 39. Nb1 Nxa2 40. Nxa3 a5 41. Nb5 Bxb5 42. Bxb5 Ne6 43. Bc6 Nb4 44. Bb5 Nc5 45. f3 Nxb3 46. Ke2 Nd4+ 0-1

[Event "Bayern-ch Seniors 25th"]
[Site "Bergen"]
[Date "2013.06.21"]
[Round "8.28"]
[White "Assmann, Siegfried"]
[Black "Peiberg, Ehrhard"]
[Result "1-0"]
[WhiteElo "1761"]
[BlackElo "1602"]
[PlyCount "49"]
[EventDate "2013.06.15"]
[EventType "swiss"]
[EventRounds "9"]
[EventCountry "GER"]
[SourceTitle "EXT 2022"]
[Source "ChessBase"]
[SourceDate "2021.10.06"]
[SourceVersion "1"]
[SourceVersionDate "2021.10.06"]
[SourceQuality "1"]

1. d4 Nf6 2. e3 e6 3. Bd3 d5 4. Nd2 c5 5. c3 Nbd7 6. f4 Be7 7. Qe2 c4 8. Bc2 b5 9. e4 dxe4 10. Nxe4 Bb7 11. Nf3 Nxe4 12. Bxe4 Bxe4 13. Qxe4 Nf6 14. Qc6+ Kf8 15. Qxb5 Qc7 16. Ne5 Rc8 17. 0-0 Bd6 18. Qa4 g6 19. Qc2 Kg7 20. Qe2 h6 21. h3 a5 22. Rf2 a4 23. a3 Rhf8 24. g4 Nxg4 25. hxg4 1-0

[Event "Bayern-ch Seniors 25th"]
[Site "Bergen"]
[Date "2013.06.17"]
[Round "3.10"]
[White "Hein, Manfred"]
[Black "Assmann, Siegfried"]
[Result "1-0"]
[WhiteElo "1942"]
[BlackElo "1761"]
[PlyCount "111"]
[EventDate "2013.06.15"]
[EventType "swiss"]
[EventRounds "9"]
[EventCountry "GER"]
[SourceTitle "EXT 2022"]
[Source "ChessBase"]
[SourceDate "2021.10.06"]
[SourceVersion "1"]
[SourceVersionDate "2021.10.06"]
[SourceQuality "1"]

1. e4 e6 2. d4 c6 3. Nf3 d5 4. exd5 exd5 5. Bd3 Nf6 6. Qe2+ Be7 7. h3 h6 8. 0-0 0-0 9. Bf4 Bd6 10. Bxd6 Qxd6 11. c3 Nh5 12. Bc2 Nf4 13. Qe5 Qxe5 14. Nxe5 Nd7 15. Nd3 Nxd3 16. Bxd3 Nf6 17. Nd2 Bd7 18. Rfe1 Rfe8 19. g4 Rxe1+ 20. Rxe1 Re8 21. Re5 Rxe5 22. dxe5 Ne8 23. f4 h5 24. f5 hxg4 25. hxg4 Nc7 26. Kf2 c5 27. Ke3 Bb5 28. Bc2 Bc6 29. a4 b5 30. axb5 Bxb5 31. Bb3 Kf8 32. Kf4 Ke7 33. Nf3 Be2 34. Ng1 Bf1 35. Ke3 Bg2 36. Ne2 Bh1 37. Nf4 a5 38. Bc2 Ne8 39. Nh5 Kf8 40. Ng3 Bg2 41. Kf2 Bh3 42. Bd1 g6 43. fxg6 f6 44. Kg1 fxe5 45. Kh2 Bxg4 46. Bxg4 d4 47. Ne4 dxc3 48. Nxc3 Nf6 49. Bf5 Nh5 50. Kg2 Ng7 51. Bd3 Ke7 52. Kf3 Kd6 53. Bc4 Nh5 54. Ne4+ Kc6 55. Kg4 Ng7 56. Kg5 1-0

[Event "Hessen-ch Seniors op 02nd"]
[Site "Bad Sooden-Allendorf"]
[Date "2006.05.03"]
[Round "9"]
[White "Raedeker, Bernd"]
[Black "Assmann, Siegfried"]
[Result "1-0"]
[WhiteElo "2174"]
[BlackElo "1837"]
[PlyCount "67"]
[EventDate "2006.04.25"]
[EventType "swiss"]
[EventRounds "9"]
[EventCountry "GER"]
[SourceTitle "EXT 2007"]
[Source "ChessBase"]
[SourceDate "2006.11.23"]
[SourceVersion "1"]
[SourceVersionDate "2006.11.23"]
[SourceQuality "1"]

1. d4 d5 2. c4 e6 3. Nc3 f5 4. e3 c6 5. Bd3 Nf6 6. Qc2 g6 7. f3 dxc4 8. Bxc4 Nd5 9. Nge2 b5 10. Bb3 a5 11. a3 b4 12. axb4 Bxb4 13. e4 fxe4 14. fxe4 Nf6 15. 0-0 0-0 16. Bh6 Re8 17. Bg5 Be7 18. Rad1 Ng4 19. Bc1 Bg5 20. Nf4 Kg7 21. e5 Nh6 22. Ne4 Bxf4 23. Bxf4 Nf5 24. Bg5 Qb6 25. Bf6+ Kg8 26. Qc3 Qb4 27. Rxf5 Qxc3 28. bxc3 gxf5 29. Nd6 Kf8 30. Rd3 Nd7 31. Bg5 Re7 32. Bh6+ Kg8 33. Rg3+ Kh8 34. Nxf5 1-0

[Event "Hessen-ch Seniors op 02nd"]
[Site "Bad Sooden-Allendorf"]
[Date "2006.04.27"]
[Round "3"]
[White "Jobski, Werner"]
[Black "Assmann, Siegfried"]
[Result "0-1"]
[WhiteElo "1599"]
[BlackElo "1837"]
[PlyCount "104"]
[EventDate "2006.04.25"]
[EventType "swiss"]
[EventRounds "9"]
[EventCountry "GER"]
[SourceTitle "EXT 2007"]
[Source "ChessBase"]
[SourceDate "2006.11.23"]
[SourceVersion "1"]
[SourceVersionDate "2006.11.23"]
[SourceQuality "1"]

1. e4 c6 2. Nc3 d5 3. Qf3 d4 4. Bc4 e6 5. Nce2 b5 6. Bb3 a5 7. a4 b4 8. Qg3 Ne7 9. Nf3 c5 10. Nf4 Ng6 11. Nxg6 hxg6 12. d3 Bd6 13. e5 Be7 14. Bg5 Bb7 15. Bxe7 Qxe7 16. Nd2 Bd5 17. Bc4 Nd7 18. b3 Rh5 19. f4 Qh4 20. Kf2 Ke7 21. Bxd5 exd5 22. Nf3 Qxg3+ 23. Kxg3 Rah8 24. Rae1 Nf8 25. Re2 Ne6 26. Kg4 Rf5 27. g3 Rfh5 28. Nh4 Kd7 29. Rf1 g5 30. fxg5 Rxg5+ 31. Kh3 Nd8 32. Rf4 Ke6 33. Rg4 Rhh5 34. Rxg5 Rxg5 35. Nf3 Rg6 36. Kh4 Kf5 37. Kh3 Ne6 38. Nh4+ Kg5 39. Nxg6 Kxg6 40. Rf2 Nd8 41. Kg4 Nc6 42. Rf5 Ne7 43. Rg5+ Kh7 44. h4 f6 45. exf6 gxf6 46. Rh5+ Kg7 47. Kf4 Ng6+ 48. Kf5 c4 49. Ke6 cxb3 50. cxb3 Nf8+ 51. Kxd5 Kg6 52. Rh8 Kf7 0-1

[Event "Hessen-ch Seniors op 02nd"]
[Site "Bad Sooden-Allendorf"]
[Date "2006.04.26"]
[Round "2"]
[White "Assmann, Siegfried"]
[Black "Pape, Manfred"]
[Result "0-1"]
[WhiteElo "1837"]
[BlackElo "2044"]
[PlyCount "120"]
[EventDate "2006.04.25"]
[EventType "swiss"]
[EventRounds "9"]
[EventCountry "GER"]
[SourceTitle "EXT 2007"]
[Source "ChessBase"]
[SourceDate "2006.11.23"]
[SourceVersion "1"]
[SourceVersionDate "2006.11.23"]
[SourceQuality "1"]

1. d4 Nf6 2. e3 g6 3. Bd3 Bg7 4. Nd2 Nc6 5. c3 d6 6. e4 e5 7. d5 Ne7 8. Ne2 0-0 9. 0-0 Nd7 10. Nb3 f5 11. f4 fxe4 12. Bxe4 Nf6 13. Ng3 Bg4 14. Qd3 c6 15. c4 cxd5 16. cxd5 Nxe4 17. Nxe4 Bf5 18. h3 exf4 19. Bxf4 Bxb2 20. Rad1 Bxe4 21. Qxe4 Nf5 22. Qc2 Bg7 23. g4 Qb6+ 24. Qf2 Ne3 25. Bxe3 Rxf2 26. Bxb6 Rxf1+ 27. Kxf1 axb6 28. Rd2 Bc3 29. Rc2 Bb4 30. Nd4 Bc5 31. Nb3 Ra4 32. Re2 Kf7 33. Kg2 Rc4 34. Rb2 Be3 35. Kf3 Rc3 36. Ke4 Bg1 37. Rg2 Bc5 38. Nxc5 bxc5 39. Rb2 Rc4+ 40. Kf3 Kf6 41. Rxb7 Ke5 42. Rxh7 Rc3+ 43. Ke2 Ra3 44. h4 Rxa2+ 45. Kd3 Ra3+ 46. Kd2 Rg3 47. g5 Rh3 48. Rh6 Kxd5 49. Rxg6 Rxh4 50. Rg8 Kd4 51. Rd8 d5 52. g6 Rg4 53. Rd6 Rg2+ 54. Kc1 Kc3 55. Kd1 d4 56. Ke1 d3 57. Kf1 Rg5 58. Kf2 c4 59. Ke3 Kc2 60. Rd4 c3 0-1

[Event "Niedersachsen-ch Seniors 40th"]
[Site "Wingst"]
[Date "2006.04.09"]
[Round "6"]
[White "Ahrens, Gerhard"]
[Black "Assmann, Siegfried"]
[Result "1/2-1/2"]
[WhiteElo "1962"]
[BlackElo "1851"]
[PlyCount "53"]
[EventDate "2006.04.04"]
[EventType "swiss"]
[EventRounds "9"]
[EventCountry "GER"]
[SourceTitle "EXT 2007"]
[Source "ChessBase"]
[SourceDate "2006.11.23"]
[SourceVersion "1"]
[SourceVersionDate "2006.11.23"]
[SourceQuality "1"]

1. e4 c5 2. Nf3 Nc6 3. Nc3 g6 4. Bc4 Bg7 5. a3 e6 6. 0-0 Nge7 7. d3 0-0 8. Bg5 f6 9. Bh4 d5 10. exd5 exd5 11. Ba2 Bg4 12. h3 Be6 13. Re1 Bf7 14. Bg3 Nf5 15. Bh2 a6 16. Ne2 Qd7 17. c3 b5 18. d4 c4 19. Qc2 Rfe8 20. Ng3 Nxg3 21. Bxg3 Rxe1+ 22. Rxe1 Re8 23. Bb1 Rxe1+ 24. Nxe1 Qe6 25. Qd2 Bf8 26. Qe3 a5 27. Bf4 1/2-1/2

[Event "Niedersachsen-ch Seniors 40th"]
[Site "Wingst"]
[Date "2006.04.08"]
[Round "5"]
[White "Assmann, Siegfried"]
[Black "Grabitz, Georg"]
[Result "1/2-1/2"]
[WhiteElo "1851"]
[BlackElo "1918"]
[PlyCount "39"]
[EventDate "2006.04.04"]
[EventType "swiss"]
[EventRounds "9"]
[EventCountry "GER"]
[SourceTitle "EXT 2007"]
[Source "ChessBase"]
[SourceDate "2006.11.23"]
[SourceVersion "1"]
[SourceVersionDate "2006.11.23"]
[SourceQuality "1"]

1. d4 g6 2. e4 Bg7 3. c3 d6 4. Be3 Nf6 5. Bd3 Nc6 6. f3 e5 7. d5 Ne7 8. Ne2 0-0 9. 0-0 c5 10. Qd2 Ne8 11. c4 f5 12. Nbc3 f4 13. Bf2 g5 14. Kh1 Ng6 15. Ng1 h5 16. g3 Bh6 17. Nce2 g4 18. gxf4 Nxf4 19. Nxf4 Bxf4 20. Be3 1/2-1/2

[Event "Cuxhaven Seniors op 1st"]
[Site "Cuxhaven"]
[Date "2006.03.17"]
[Round "2"]
[White "Assmann, Siegfried"]
[Black "Boeven, Manfred"]
[Result "1/2-1/2"]
[WhiteElo "1819"]
[BlackElo "2017"]
[PlyCount "67"]
[EventDate "2006.03.16"]
[EventType "swiss"]
[EventRounds "9"]
[EventCountry "GER"]
[SourceTitle "EXT 2007"]
[Source "ChessBase"]
[SourceDate "2006.11.23"]
[SourceVersion "1"]
[SourceVersionDate "2006.11.23"]
[SourceQuality "1"]

1. d4 d5 2. e3 Bf5 3. Bd3 Bg6 4. f4 e6 5. Nf3 Nd7 6. Qe2 Ngf6 7. Nbd2 Be7 8. 0-0 0-0 9. h3 c5 10. c3 Rc8 11. g4 Ne4 12. Bxe4 Bxe4 13. Nxe4 dxe4 14. Nd2 f5 15. g5 cxd4 16. exd4 Nb6 17. h4 Qd5 18. Qe3 Rc7 19. b3 Rfc8 20. c4 Qa5 21. Rd1 Rd7 22. Nf1 Rcd8 23. Bb2 Nc8 24. Bc3 Qb6 25. Rd2 a5 26. Rad1 Bb4 27. Bxb4 Qxb4 28. d5 exd5 29. Rxd5 Rxd5 30. Rxd5 Rxd5 31. cxd5 Nb6 32. Qc1 Nxd5 33. Qc8+ Qf8 34. Qe6+ 1/2-1/2

[Event "Sachsen-ch Seniors 14th"]
[Site "Dresden"]
[Date "2005.07.28"]
[Round "7"]
[White "Goettert, Stefan"]
[Black "Assmann, Siegfried"]
[Result "1/2-1/2"]
[WhiteElo "2184"]
[BlackElo "1991"]
[PlyCount "106"]
[EventDate "2005.07.22"]
[EventType "swiss"]
[EventRounds "9"]
[EventCountry "GER"]
[SourceTitle "EXT 2006"]
[Source "ChessBase"]
[SourceDate "2005.11.24"]
[SourceVersion "1"]
[SourceVersionDate "2005.11.24"]
[SourceQuality "1"]

1. Nf3 d5 2. b3 Nf6 3. c4 e6 4. Bb2 Be7 5. e3 0-0 6. Be2 Ne4 7. 0-0 Bf6 8. d4 Be7 9. Nbd2 f5 10. Ne5 Nxd2 11. Qxd2 Nd7 12. f4 c6 13. Nxd7 Bxd7 14. c5 Rf6 15. b4 a6 16. Bd3 Rh6 17. a4 Qe8 18. Qe2 Rd8 19. Bc3 g5 20. Rfb1 g4 21. g3 Rh3 22. Qf2 Rh6 23. Ra2 Rg6 24. Bd2 h5 25. h4 Kf7 26. Qh2 Rb8 27. Rab2 b5 28. cxb6 Rxb6 29. a5 Rb8 30. Bxa6 Bc8 31. Bd3 Ra8 32. Be1 Rg8 33. Qc2 Ba6 34. b5 cxb5 35. Bxb5 Bxb5 36. Rxb5 Rc8 37. Qa2 Qc6 38. a6 Ra8 39. a7 Rgc8 40. Rb6 Qd7 41. Rb7 Rc7 42. Qa6 Qc8 43. Qb5 Rxa7 44. Rb8 Qd7 45. Qxd7 Rxd7 46. Rh8 Kg7 47. Rhb8 Bd6 48. R8b6 Kf7 49. Kf1 Kf6 50. Ke2 Ra2+ 51. Bd2 Bc7 52. R6b2 Rxb2 53. Rxb2 Bd6 1/2-1/2

[Event "Bad Sooden-Allendorf Seniors op 16th"]
[Site "Bad Sooden-Allendorf"]
[Date "2004.04.29"]
[Round "8"]
[White "Schmidt, Erich"]
[Black "Assmann, Siegfried"]
[Result "0-1"]
[WhiteElo "2063"]
[BlackElo "1790"]
[PlyCount "70"]
[EventDate "2004.04.22"]
[EventType "swiss"]
[EventRounds "9"]
[EventCountry "GER"]
[SourceTitle "EXT 2006"]
[Source "ChessBase"]
[SourceDate "2005.11.24"]
[SourceVersion "1"]
[SourceVersionDate "2005.11.24"]
[SourceQuality "1"]

1. d4 d5 2. Nf3 e6 3. Bf4 Bd6 4. Ne5 c6 5. Nd2 f5 6. e3 Nf6 7. h3 0-0 8. g4 Ne4 9. Rg1 Qh4 10. Qe2 Bxe5 11. Nf3 Qxf2+ 12. Qxf2 Nxf2 13. Kxf2 Bxf4 14. exf4 Nd7 15. Bd3 Nf6 16. g5 Ne4+ 17. Ke3 b6 18. c4 Ba6 19. Rac1 Rac8 20. Rg2 c5 21. Rgc2 Rf7 22. Ne5 Rfc7 23. b3 Rd8 24. Nf3 Rcd7 25. cxd5 Bxd3 26. Kxd3 Rxd5 27. Ke3 cxd4+ 28. Kd3 Nc5+ 29. Kd2 d3 30. Rxc5 Rxc5 31. Rxc5 bxc5 32. Ne5 Rd4 33. Nxd3 Kf8 34. Ke3 Rd5 35. h4 g6 0-1

[Event "Bad Sooden-Allendorf Seniors op 16th"]
[Site "Bad Sooden-Allendorf"]
[Date "2004.04.27"]
[Round "6"]
[White "Escher, Helmut"]
[Black "Assmann, Siegfried"]
[Result "0-1"]
[WhiteElo "2102"]
[BlackElo "1790"]
[PlyCount "82"]
[EventDate "2004.04.22"]
[EventType "swiss"]
[EventRounds "9"]
[EventCountry "GER"]
[SourceTitle "EXT 2006"]
[Source "ChessBase"]
[SourceDate "2005.11.24"]
[SourceVersion "1"]
[SourceVersionDate "2005.11.24"]
[SourceQuality "1"]

1. e4 c6 2. d4 d5 3. Bd3 e6 4. c3 Ne7 5. Be3 Nd7 6. Nd2 Ng6 7. Ne2 Be7 8. 0-0 0-0 9. Ng3 Bh4 10. exd5 cxd5 11. Nh5 f5 12. Nf3 Be7 13. Qd2 Nf6 14. Nxf6+ Bxf6 15. Rfe1 h6 16. Re2 Re8 17. Rae1 Bd7 18. g3 Nf8 19. Bf4 g5 20. Be5 Ng6 21. h3 Kf7 22. g4 Bxe5 23. Nxe5+ Nxe5 24. Rxe5 fxg4 25. hxg4 Qf6 26. f4 gxf4 27. Rf1 Ke7 28. Qxf4 Qxf4 29. Rxf4 Rf8 30. Rf2 Rg8 31. Be2 Raf8 32. Rxf8 Kxf8 33. Kf2 Rg5 34. Re3 Ke7 35. Kf3 Kf6 36. Kf4 Be8 37. c4 dxc4 38. Bxc4 Bd7 39. Rh3 Kg7 40. b4 e5+ 41. Ke3 exd4+ 0-1

[Event "Bad Sooden-Allendorf Seniors op 16th"]
[Site "Bad Sooden-Allendorf"]
[Date "2004.04.26"]
[Round "5"]
[White "Assmann, Siegfried"]
[Black "Puls, Harry"]
[Result "1-0"]
[WhiteElo "1790"]
[BlackElo "1598"]
[PlyCount "61"]
[EventDate "2004.04.22"]
[EventType "swiss"]
[EventRounds "9"]
[EventCountry "GER"]
[SourceTitle "EXT 2006"]
[Source "ChessBase"]
[SourceDate "2005.11.24"]
[SourceVersion "1"]
[SourceVersionDate "2005.11.24"]
[SourceQuality "1"]

1. d4 d5 2. e3 Nf6 3. Bd3 Nc6 4. f4 e6 5. Nd2 Nb4 6. Qe2 c5 7. c3 Nxd3+ 8. Qxd3 cxd4 9. exd4 Bd7 10. Ngf3 a6 11. Ne5 Rc8 12. Qf3 Bb5 13. a4 Bc6 14. 0-0 Bd7 15. g4 Bd6 16. g5 Ne4 17. Nxe4 dxe4 18. Qxe4 Bxe5 19. fxe5 Bc6 20. Qf4 0-0 21. Kf2 b5 22. axb5 Bxb5 23. Rg1 Qd5 24. Kg3 Qc4 25. h4 Qd3+ 26. Qe3 Qg6 27. Kh2 Qh5 28. Kh3 Rc6 29. Bd2 Bc4 30. Rg3 Bf1+ 31. Rxf1 1-0

[Event "Bad Sooden-Allendorf Seniors op 16th"]
[Site "Bad Sooden-Allendorf"]
[Date "2004.04.25"]
[Round "4"]
[White "Hobusch, Werner"]
[Black "Assmann, Siegfried"]
[Result "1-0"]
[WhiteElo "2139"]
[BlackElo "1790"]
[PlyCount "75"]
[EventDate "2004.04.22"]
[EventType "swiss"]
[EventRounds "9"]
[EventCountry "GER"]
[SourceTitle "EXT 2006"]
[Source "ChessBase"]
[SourceDate "2005.11.24"]
[SourceVersion "1"]
[SourceVersionDate "2005.11.24"]
[SourceQuality "1"]

1. e4 c5 2. Nf3 Nc6 3. d4 cxd4 4. Nxd4 e6 5. Nc3 a6 6. Be3 Bb4 7. Nde2 d6 8. a3 Ba5 9. g3 Nge7 10. Bg2 Ne5 11. 0-0 Nc4 12. Bc1 Bxc3 13. Nxc3 0-0 14. b3 Ne5 15. Bb2 Qc7 16. Ne2 Bd7 17. c4 Bc6 18. Qd4 f6 19. Qc3 Nf7 20. Nf4 Nd8 21. Rad1 e5 22. Nd5 Bxd5 23. exd5 b6 24. b4 Rc8 25. Rc1 Nb7 26. Bh3 f5 27. f4 Ng6 28. fxe5 Nxe5 29. Bxf5 Rcd8 30. Qc2 g6 31. Be6+ Kg7 32. Rf4 g5 33. Re4 Kh6 34. Bxe5 dxe5 35. Rce1 Nd6 36. Rxe5 Qxc4 37. Qd2 Kg7 38. Rxg5+ 1-0

[Event "Wch Seniors 13th"]
[Site "Bad Zwischenahn"]
[Date "2003.11.26"]
[Round "8"]
[White "Broberg, Horst"]
[Black "Assmann, Siegfried"]
[Result "1-0"]
[WhiteElo "1955"]
[BlackElo "1790"]
[PlyCount "50"]
[EventDate "2003.11.16"]
[EventType "swiss"]
[EventRounds "11"]
[EventCountry "GER"]
[SourceTitle "CBM 097 Extra"]
[Source "ChessBase"]
[SourceDate "2004.01.13"]
[SourceVersion "1"]
[SourceVersionDate "2004.01.13"]
[SourceQuality "1"]

1. e4 c5 2. Nf3 Nc6 3. Bb5 d6 4. d4 cxd4 5. Qxd4 Bd7 6. Bxc6 bxc6 7. c4 Qb6 8. Qd3 c5 9. Nc3 e6 10. 0-0 a6 11. b3 Rd8 12. Bb2 Bc6 13. Rfe1 Nf6 14. Nd5 Bxd5 15. exd5 e5 16. Qf5 Be7 17. Ng5 0-0 18. f4 h6 19. fxe5 dxe5 20. Nh3 g6 21. Qxe5 Rfe8 22. Qf4 g5 23. Nxg5 hxg5 24. Qxg5+ Kf8 25. Qh6+ Kg8 1-0

[Event "GER North-ch Seniors 6th"]
[Site "Bad Bevensen"]
[Date "2003.06.22"]
[Round "2"]
[White "Assmann, Siegfried"]
[Black "Ljubarskij, Jurij"]
[Result "0-1"]
[WhiteElo "1932"]
[BlackElo "2299"]
[PlyCount "56"]
[EventDate "2003.06.??"]
[EventType "swiss"]
[EventRounds "9"]
[EventCountry "GER"]
[SourceTitle "EXT 2006"]
[Source "ChessBase"]
[SourceDate "2005.11.24"]
[SourceVersion "1"]
[SourceVersionDate "2005.11.24"]
[SourceQuality "1"]

1. c4 e5 2. Nc3 f5 3. g3 Nf6 4. Bg2 Be7 5. d3 0-0 6. Nf3 d6 7. 0-0 Qe8 8. Bg5 Nbd7 9. Nb5 Bd8 10. Nc3 Qh5 11. h3 h6 12. Be3 g5 13. Nh2 c6 14. f4 gxf4 15. gxf4 Kh8 16. Kh1 Rg8 17. Qd2 Be7 18. Rf3 Nf8 19. fxe5 dxe5 20. Bxh6 Ne6 21. Be3 f4 22. Bg1 Ng5 23. e3 Nxf3 24. Bxf3 Qxh3 25. exf4 Bg4 26. Bg2 Qh6 27. Rf1 Nh5 28. Qe1 exf4 0-1

[Event "GER-ch Seniors 15th"]
[Site "Bad Wiessee"]
[Date "2003.05.10"]
[Round "1.18"]
[White "Igney, Volkhard"]
[Black "Assmann, Siegfried"]
[Result "1-0"]
[WhiteElo "2244"]
[BlackElo "1795"]
[PlyCount "57"]
[EventDate "2003.05.??"]
[EventType "swiss"]
[EventRounds "9"]
[EventCountry "GER"]
[SourceTitle "CBM 094 Extra"]
[Source "ChessBase"]
[SourceDate "2003.07.09"]
[SourceVersion "2"]
[SourceVersionDate "2003.07.09"]
[SourceQuality "1"]

1. d4 d5 2. c4 e6 3. Nc3 f5 4. e3 c6 5. Bd3 Bd6 6. Qc2 g6 7. Bd2 Nd7 8. 0-0-0 Ngf6 9. f3 dxc4 10. Bxc4 Nd5 11. e4 Nxc3 12. Qxc3 Qe7 13. exf5 gxf5 14. Bxe6 Qxe6 15. Re1 Be5 16. dxe5 Rg8 17. Kb1 Rxg2 18. Ne2 Rxe2 19. Rxe2 Nb6 20. Rg1 f4 21. Ka1 Nd5 22. Qd4 b6 23. Reg2 Kd8 24. Bb4 c5 25. Rg8+ Kc7 26. Bxc5 bxc5 27. Qxc5+ Kb8 28. Rxc8+ Qxc8 29. Qxd5 1-0

[Event "Bayern-ch Seniors 14th"]
[Site "Schloss Schney"]
[Date "2002.06.08"]
[Round "9"]
[White "Schneider, Martin2222"]
[Black "Assmann, Siegfried"]
[Result "0-1"]
[WhiteElo "1658"]
[BlackElo "1754"]
[PlyCount "42"]
[EventDate "2002.05.31"]
[EventType "swiss"]
[EventRounds "9"]
[EventCountry "GER"]
[SourceTitle "EXT 2003"]
[Source "ChessBase"]
[SourceDate "2002.11.25"]
[SourceVersion "1"]
[SourceVersionDate "2002.11.25"]
[SourceQuality "1"]

1. d4 d5 2. Nf3 e6 3. c4 c6 4. Nc3 f5 5. a3 Bd6 6. e3 Nd7 7. cxd5 exd5 8. Bd3 g6 9. 0-0 Qe7 10. Re1 Ngf6 11. b4 Ne4 12. Bb2 0-0 13. b5 Rf6 14. bxc6 bxc6 15. Rc1 Bxa3 16. Qb3 Bxb2 17. Qxb2 Nb6 18. Ne5 Nd7 19. Nf3 Re6 20. Na4 Rb8 21. Qa2 g5 0-1

[Event "Mecklenburg VP-ch Seniors 01st"]
[Site "Plau am See"]
[Date "2001.10.09"]
[Round "5"]
[White "Assmann, Siegfried"]
[Black "Krueger, Sigurd"]
[Result "1/2-1/2"]
[WhiteElo "2001"]
[BlackElo "1860"]
[PlyCount "23"]
[EventDate "2001.10.??"]
[EventType "swiss"]
[EventRounds "9"]
[EventCountry "GER"]
[SourceTitle "EXT 2006"]
[Source "ChessBase"]
[SourceDate "2005.11.24"]
[SourceVersion "1"]
[SourceVersionDate "2005.11.24"]
[SourceQuality "1"]

1. c4 c6 2. Nc3 d5 3. cxd5 cxd5 4. d4 Nf6 5. g3 Bf5 6. Bg2 e6 7. a3 a6 8. Nf3 Bd6 9. 0-0 0-0 10. h3 h6 11. Nh4 Bh7 12. f4 1/2-1/2